D'un parcours inédit de l'extase à l'écriture (notice n° 1595229)

détails MARC
000 -LEADER
fixed length control field 01327cam a2200217 4500500
005 - DATE AND TIME OF LATEST TRANSACTION
control field 20251228073439.0
041 ## - LANGUAGE CODE
Language code of text/sound track or separate title fre
042 ## - AUTHENTICATION CODE
Authentication code dc
100 10 - MAIN ENTRY--PERSONAL NAME
Personal name Aubert, Jacques
Relator term author
245 00 - TITLE STATEMENT
Title D'un parcours inédit de l'extase à l'écriture
260 ## - PUBLICATION, DISTRIBUTION, ETC.
Date of publication, distribution, etc. 2007.<br/>
500 ## - GENERAL NOTE
General note 15
520 ## - SUMMARY, ETC.
Summary, etc. RésuméCet article propose un parcours dans l’œuvre de Joyce, à la recherche des traces d’une écriture de l’extase, tôt entrevue grâce aux épiphanies et longtemps poursuivie, à travers les figures de la femme notamment et jusqu’au work in progress de Finnegans Wake. L’impossible de l’écriture ainsi visée se révèle indissociablement liée à la jouissance qui tente de s’y cerner.
520 ## - SUMMARY, ETC.
Summary, etc. This paper traces signs of a writing of ecstasy, an ecstasy first glimpsed in the epiphanies, then sought for in the figures of women and finally in the work in progress which was Finnegans Wake. The impossibility of writing thus tracked is actually indissociable from the ‘jouissance’ it tries to circumscribe.
690 ## - LOCAL SUBJECT ADDED ENTRY--TOPICAL TERM (OCLC, RLIN)
Topical term or geographic name as entry element Écriture
690 ## - LOCAL SUBJECT ADDED ENTRY--TOPICAL TERM (OCLC, RLIN)
Topical term or geographic name as entry element extase
690 ## - LOCAL SUBJECT ADDED ENTRY--TOPICAL TERM (OCLC, RLIN)
Topical term or geographic name as entry element ecstasy
690 ## - LOCAL SUBJECT ADDED ENTRY--TOPICAL TERM (OCLC, RLIN)
Topical term or geographic name as entry element writing
786 0# - DATA SOURCE ENTRY
Note Savoirs et clinique | 8 | 1 | 2007-10-18 | p. 171-179 | 1634-3298
856 41 - ELECTRONIC LOCATION AND ACCESS
Uniform Resource Identifier <a href="https://shs.cairn.info/revue-savoirs-et-cliniques-2007-1-page-171?lang=fr&redirect-ssocas=7080">https://shs.cairn.info/revue-savoirs-et-cliniques-2007-1-page-171?lang=fr&redirect-ssocas=7080</a>

Pas d'exemplaire disponible.

PLUDOC

PLUDOC est la plateforme unique et centralisée de gestion des bibliothèques physiques et numériques de Guinée administré par le CEDUST. Elle est la plus grande base de données de ressources documentaires pour les Étudiants, Enseignants chercheurs et Chercheurs de Guinée.

Adresse

627 919 101/664 919 101

25 boulevard du commerce
Kaloum, Conakry, Guinée

Réseaux sociaux

Powered by Netsen Group @ 2025